Σύγχρονη ελληνική γλυπτική : νέα παραλία Θεσσαλονίκης 17 Οκτωβρίου - 15 Νοεμβρίου 1997

Αποθηκεύτηκε σε:
Λεπτομέρειες βιβλιογραφικής εγγραφής
Συλλογικό Έργο: Οργανισμός Πολιτιστικής Πρωτεύουσας της Ευρώπης (Θεσσαλονίκη, Ελλάδα), Επιμελητήριο Εικαστικών Τεχνών Ελλάδος
Μορφή: Πρακτικό Συνεδρίου Βιβλίο
Γλώσσα:Greek
Δημοσίευση: Θεσσαλονίκη : Η Πολιτιστική Πρωτεύουσα, το Επιμελητήριο, 1997
Θέματα:
Ετικέτες: Προσθήκη ετικέτας
Δεν υπάρχουν, Καταχωρήστε ετικέτα πρώτοι!

MARC

LEADER 00000cam a2200000 i 4500
001 1/17766
008 010301s1997 gre d
035 |l 10066254 
040 |a GR-MY-UA  |b gre  |e aacr 
041 0 |a gre 
082 0 |a 707.4 
110 2 |a Οργανισμός Πολιτιστικής Πρωτεύουσας της Ευρώπης (Θεσσαλονίκη, Ελλάδα) 
245 1 0 |a Σύγχρονη ελληνική γλυπτική :  |b νέα παραλία Θεσσαλονίκης 17 Οκτωβρίου - 15 Νοεμβρίου 1997 /  |c Θεσσαλονίκη Πολιτιστική Πρωτεύουσα της Ευρώπης 1997, Επιμελητήριο Εικαστικών Τεχνών 
260 |a Θεσσαλονίκη :   |b Η Πολιτιστική Πρωτεύουσα, το Επιμελητήριο,   |c 1997 
300 |a [174] σ.;  |b εικ.;  |c 34 εκ. 
650 0 0 |a Sculpture, Greek  |y 20th century  |x Exhibitions. 
711 1 |a Επιμελητήριο Εικαστικών Τεχνών Ελλάδος. 
852 |a INST  |b SYROS  |e 20010301  |h 707.4 ΟΡΓ  |p 005500001362  |q 005500001362  |t BK  |y 0 
901 |a BIBL5-2001-1 
909 |a Ε  |b 085693 
970 |a ΚΟΝΤΟΥ  |b ΠΑΡΑΣΚΕΥΗ  |z 2001/03/01